| 000 | 00324nam a22001337a 4500 | ||
|---|---|---|---|
| 020 | _a8121901022 | ||
| 082 |
_222 _a621.312 |
||
| 100 | _aGupta, B. R. | ||
| 245 | _aGeneration of electrical energy / | ||
| 250 | _aNA | ||
| 260 |
_aNew Delhi, _bC Chand, _cc2010. |
||
| 300 |
_axvi,564 p. ; _bill. .; _c24 cm. |
||
| 942 |
_2ddc _cEE _09 |
||
| 999 |
_c3533 _d3533 |
||